LEADER 01034nam a2200253 u 4500 001 000000031194 003 CaOOAMICUS 005 20070226112119.0 008 970930s1971 it u000 u ita u 035 $a10770925 040 $aPUL(R)$bita 100 1 $aTyciak, Julius,$d1903-$0(OLS)http://pul/name/24965 240 10$aProphetische Profile.$lItaliano.$0(OLS)http://pul/title/42866 245 10$aProfili dei profeti :$bmeditazioni bibliche /$cJulius Tyciak. 260 $aRoma :$bCittà Nuova,$cc1971. 300 $a125 p. ;$c21 cm 490 1 $aCollana scritturistica di Città nuova 830 0$aCollana scritturistica di Città nuova.$0(OLS)http://pul/title/18657 850 $aPUL 852 $aPUL$W1$xSL Religione 1$y3$m6(1) B 7$j43112$nBK-PRI$b $qStampati$B43112$CPULBib$Z2$F43112 $H $81 941 1 $a8 961 $aINV: 57435. 996 $6245$aProfili dei profeti :$bmeditazioni bibliche$9(OLS)http://pul/title/42867 996 $6260$aRoma :$bCittà Nuova$9(OLS)http://pul/publisher/47927 LEADER 01217nam a2200277 u 4500 001 000000047558 003 CaOOAMICUS 005 20070226114910.0 008 991125s1985 it u000 u ita u 035 $a10836265 040 $aPUL$bita 100 1 $aScheler, Max,$d1874-1928.$0(OLS)http://pul/name/5354 245 12$aL'idea cristiana dell'amore /$cpremessa di Ubaldo Pellegrino. 260 $aRoma :$bEdizioni Logos,$c1985. 300 $a102 p. ;$c19 cm 490 1 $aBiblioteca universale cristiana.$aSerie pocket ;$v11 650 4$aTeologia morale.$0(OLS)http://pul/subject/1500 700 1 $aPellegrino, Ubaldo.$0(OLS)http://pul/name/5693 830 0$aBiblioteca universale cristiana.$pSerie pocket ;$v11.$0(OLS)http://pul/title/64037 850 $aPUL 852 $aPUL$W1$xSL Filosofia 2$y80$mPhil D4 77a$j63533$nBK-PRI$b $qStampati altre collocazioni$B63533$CPULBib$Z2$F63533 $81 852 $aPUL$W1$xDP1 Fondo Bordoni$y120$m3 A 19$j65466$qFondi$B172540$CPULBib$Z2$F172540 $HBor1530 $81 941 1 $a1 941 1 $a10 996 $6245$aL'idea cristiana dell'amore$9(OLS)http://pul/title/64036 996 $6260$aRoma :$bEdizioni Logos$9(OLS)http://pul/publisher/51218